Every Governor of Puerto Rico - Statistics

General Stats
  • This quiz has been taken 34 times
    19 since last reset
  • The average score is 11 of 15
Answer Stats
Picture Hint Answer % Correct
D(2013-2017) Alejandro García Padilla
83%
R(2009-2013) Luis Fortuño
83%
I(1949-1965) Luis Muñoz Marín
83%
D(2017-2019) Ricardo Rosselló
83%
D(2005-2009) Aníbal Acevedo Vilá
75%
R(1969-1973) Luis A. Ferré
75%
D(1985-1993) Rafael Hernández Colón
75%
D(1973-1977) Rafael Hernández Colón
75%
R(2019-2021) Wanda Vázquez Garced
75%
R(2025-) Jenniffer González-Colón
67%
D(2021-2025) Pedro Pierluisi
67%
D(1993-2001) Pedro Rosselló
67%
D(1977-1985) Carlos Romero Barceló
58%
D(2001-2005) Sila María Calderón
58%
D(1965-1969) Roberto Sánchez Vilella
42%
No matching quizzes found
Score Distribution
Percent of People with Each Score
Percentile by Number Answered
Your Score History
You have not taken this quiz since the last reset